Corrigendum to “Weighted Lp estimates for the elliptic Schrödinger operator” [Electron. J. Qual. Theory Differ. Equ. 2014, No. 33, 1–13] /

Elmentve itt :
Bibliográfiai részletek
Szerző: Yao Fengping
Dokumentumtípus: Folyóirat
Megjelent: 2015
Sorozat:Electronic journal of qualitative theory of differential equations
Kulcsszavak:Differenciálegyenlet
mtmt:http://dx.doi.org/14232/ejqtde.2015.1.50
Online Access:http://acta.bibl.u-szeged.hu/35736
LEADER 00801nas a2200193 i 4500
001 acta35736
005 20200729131123.0
008 161017s2015 hu o 0|| eng d
022 |a 1417-3875 
024 7 |a http://dx.doi.org/14232/ejqtde.2015.1.50  |2 doi 
040 |a SZTE Egyetemi Kiadványok Repozitórium  |b hun 
041 |a eng 
100 1 |a Yao Fengping 
245 1 0 |a Corrigendum to “Weighted Lp estimates for the elliptic Schrödinger operator”   |h [elektronikus dokumentum] :  |b [Electron. J. Qual. Theory Differ. Equ. 2014, No. 33, 1–13] /  |c  Yao Fengping 
260 |c 2015 
300 |a 1-3 
490 0 |a Electronic journal of qualitative theory of differential equations 
695 |a Differenciálegyenlet 
856 4 0 |u http://acta.bibl.u-szeged.hu/35736/1/ejqtde_2015_050_001-003.pdf  |z Dokumentum-elérés